Catálogo
 En Linea

Indigenous art and economy of Santo Domingo = (Registro nro. 30177)

Detalles MARC
000 -CABECERA
campo de control de longitud fija 00862nam a2200253 a 4500
001 - NÚMERO DE CONTROL
campo de control 000030685
003 - IDENTIFICADOR DEL NÚMERO DE CONTROL
campo de control DO-SdBNP
005 - FECHA Y HORA DE LA ÚLTIMA TRANSACCIÓN
campo de control 20240316073904.0
007 - CAMPO FIJO DE DESCRIPCIÓN FÍSICA--INFORMACIÓN GENERAL
campo de control de longitud fija ta
008 - DATOS DE LONGITUD FIJA--INFORMACIÓN GENERAL
campo de control de longitud fija 110525e1977 dr a gr 000 e spa d
040 ## - FUENTE DE LA CATALOGACIÓN
Centro catalogador/agencia de origen DO-SdBNP
Lengua de catalogación spa
Centro/agencia transcriptor BNPHU
082 #4 - NÚMERO DE LA CLASIFICACIÓN DECIMAL DEWEY
Número de edición 22
Número de documento/Ítem V443i
100 1# - ENTRADA PRINCIPAL--NOMBRE DE PERSONA
Nombre de persona Veloz Maggiolo, Marcio,
Fechas asociadas al nombre 1936-2021
9 (RLIN) 1104
245 10 - MENCIÓN DE TÍTULO
Título Indigenous art and economy of Santo Domingo =
Resto del título Arte indígena y economía en Santo Domingo /
Mención de responsabilidad, etc. Marcio Veloz Maggiolo; traducción, Eduardo Villanueva.
246 11 - FORMA VARIANTE DE TÍTULO
Título propio/Titulo breve Arte indígena y economía en Santo Domingo
260 ## - PUBLICACIÓN, DISTRIBUCIÓN, ETC.
Lugar de publicación, distribución, etc. Santo Domingo :
Nombre del editor, distribuidor, etc. Cohoba,
Fecha de publicación, distribución, etc. 1977
300 ## - DESCRIPCIÓN FÍSICA
Extensión 23 p. :
Otras características físicas il. ;
Dimensiones 22 cm.
500 ## - NOTA GENERAL
Nota general Obras de divulgación cultural
590 ## - NOTA LOCAL (RLIN)
Nota local Inventariado 2023 / MF
650 #4 - PUNTO DE ACCESO ADICIONAL DE MATERIA--TÉRMINO DE MATERIA
9 (RLIN) 22881
Término de materia o nombre geográfico como elemento de entrada Arte e Historia
650 #4 - PUNTO DE ACCESO ADICIONAL DE MATERIA--TÉRMINO DE MATERIA
9 (RLIN) 81690
Término de materia o nombre geográfico como elemento de entrada Arte Indígena
Subdivisión geográfica República Dominicana
910 ## - DATOS DE OPCIÓN DEL USUARIO (OCLC)
Datos de opción del usuario MFeliz
942 ## - ELEMENTOS DE PUNTO DE ACCESO ADICIONAL (KOHA)
Fuente del sistema de clasificación o colocación Dewey Decimal Classification
Tipo de ítem Koha Libro
Existencias
Estado de retiro Estado de pérdida Restricciones de uso No para préstamo Código de colección Localización permanente Ubicación/localización actual Ubicación en estantería Fecha de adquisición Número de inventario Total de préstamos Signatura topográfica completa Código de barras Fecha visto por última vez Número de copia Precio válido a partir de Tipo de ítem Koha Nota pública Fuente del sistema de clasificación o colocación Fuente de adquisición
    Préstamo en sala   Dominicana de Servicio Biblioteca Nacional Pedro Henríquez Ureña Biblioteca Nacional Pedro Henríquez Ureña En catalogación 19.05.2022     V443i 2023-0972 15.02.2023 e.5 15.02.2023 Libro   Dewey Decimal Classification Donado Ubi Rivas
        Dominicana de Servicio General General En catalogación 06.02.2012 LF1   30685-30 25.06.2020 e. 3 25.06.2020 Libro y Folleto Colección Dominicana de Servicio      
        Dominicana de Servicio General General En catalogación 06.02.2012 LF1   30685-40 25.06.2020 e. 4 25.06.2020 Libro y Folleto Colección Dominicana de Servicio      
      Excluido de préstamo Raros y valiosos Patrimonio Dominicano Patrimonio Dominicano Depósito 25.05.2011 LF1   30685-10 25.06.2020   25.06.2020 No se presta Perteneció a la biblioteca personal de Aída Cartagena Portalatín.    
      Excluido de préstamo Raros y valiosos Patrimonio Dominicano Patrimonio Dominicano En catalogación 25.05.2011 LF1   30685-20 25.06.2020 e. 2 25.06.2020 No se presta Perteneció a la biblioteca personal de Aída Cartagena Portalatín.    

Con tecnología Koha